000 00668nam a22002297a 4500
003 UA-OsUOA
001 97734
007 ta
008 20130404b un ||||| |||| 00| 0 ukr d
100 _aПикуль В.
090 _a821.161.1
_bП32
942 _cBK
040 _aUA-OsUOA
_brus
_cUA-OsUOA
_dUA-OsUOA
245 _aПлощадь павших борцов. На подступах
_bроман-размышление
300 _a207 с.
955 _a3
041 _arus
080 _a821.161.1
260 _aЗапорожье
_bБерегиня
_c1991
650 7 _a82 Література. Літературознавство
_2UDC
999 _c383982
_d383982